Pripravenosť študentov z matematiky na štúdium na vysokej škole s ekonomickým zameraním

Hodnotenie študentov prvého ročníka vysokej školy s ekonomickým zameraním z predmetu Matematika. Vyhodnotenie testov z rôznych oblastí matematiky.

Salvato in:
Dettagli Bibliografici
Autore principale: Coroničová Hurajová, Jana, 1986-
Natura: Capitolo di libro
Lingua:slovacco
Soggetti:
Tags: Aggiungi Tag
Nessun Tag, puoi essere il primo ad aggiungerne!!

MARC

LEADER 00000naa$a2200000$$$4500
001 0261477
005 20240502074146.8
041 0 |a slo 
044 |a SK 
245 1 0 |a Pripravenosť študentov z matematiky na štúdium na vysokej škole s ekonomickým zameraním  |c Jana Coroničová Hurajová 
520 |a Hodnotenie študentov prvého ročníka vysokej školy s ekonomickým zameraním z predmetu Matematika. Vyhodnotenie testov z rôznych oblastí matematiky. 
610 2 0 |a matematika 
610 2 0 |a testy 
610 2 0 |a študenti 
610 2 0 |a školy vysoké 
610 2 0 |a školy stredné 
610 2 0 |a ekonómia 
100 1 |a Coroničová Hurajová, Jana, 1986-